000 00531nam a2200193Ia 4500
003 OSt
005 20240628104417.0
008 210210b1988 xxu||||| |||| 00| 0 eng d
040 _cAL
041 _aKannada
082 _aK894.3 PADB
100 _aPADMA GURURAJ.
_dಪದ್ಮಾ ಗುರುರಾಜ್
_9171880
245 _aBandano barano?
_bಬಂದನೋ ಬಾರನೋ?
260 _aBengaluru
_bNupura Prakashana
_c1988
300 _a176,iv
690 _aKannada Fiction
_9171881
906 _a041568
942 _2ddc
_cBK
999 _c91326
_d91326